|
|
|
|
| LEADER |
01052nam a2200241 i 4500 |
| 003 |
GR-PaULI |
| 005 |
20230124130806.0 |
| 008 |
200807s2001 gr ||||| |||| 00| 0 eng d |
| 952 |
|
|
|0 0
|1 0
|2 ddc
|4 0
|6 813_520000000000000_FAU
|7 0
|9 242454
|a LISP
|b LISP
|c DON
|d 2020-08-07
|e ΓΑΛ
|i 143263
|l 0
|o 813.52 FAU
|p 025000269446
|r 2020-08-07 00:00:00
|t 1
|v 2020.00
|w 2020-08-07
|y BKN
|
| 999 |
|
|
|c 146275
|d 146275
|
| 040 |
|
|
|a GR-PaULI
|b gre
|c GR-PaULI
|e AACR2
|
| 041 |
|
|
|a gre
|k eng
|
| 082 |
0 |
4 |
|2 23
|a 813.52
|
| 100 |
|
|
|a Faulkner, William,
|d 1897-1962
|e συγγραφέας
|9 1687
|
| 245 |
1 |
0 |
|a Σαρτορίς /
|b Ουίλλιαμ Φώκνερ ; μετάφραση Έυη Γεωργούλη
|
| 260 |
|
|
|a Αθήναι:
|b Ίνδικτος,
|c 2001.
|
| 300 |
|
|
|a 595 σ.;
|c 24 εκ.
|
| 490 |
1 |
|
|a Ξένη λογοτεχνία / ίνδικτος
|
| 700 |
1 |
|
|9 182221
|a Γεωργούλη Εύη
|e μεταφράστρια
|
| 765 |
0 |
8 |
|i Μετάφραση του:
|t Sartoris
|
| 830 |
|
0 |
|a Λογοτεχνία (Ίνδικτος)
|9 158866
|
| 942 |
|
|
|2 ddc
|c BKN
|
| 998 |
|
|
|c ΣΑΤΛΑΝΗΣ
|d 2020-08
|